Most Viewed Singers on Wikipedia - Statistics

General Stats
  • This quiz has been taken 26,203 times
    26,201 since last reset
  • The average score is 12 of 33
Answer Stats
Views Answer % Correct
133 m Michael Jackson
71%
94 m Taylor Swift
70%
60 m Beyonce
66%
109 m Justin Bieber
63%
120 m Eminem
59%
86 m Rihanna
55%
86 m Kanye West
53%
74 m Elvis Presley
48%
71 m Katy Perry
48%
80 m Ariana Grande
47%
77 m Jay-Z
47%
124 m Lady Gaga
47%
71 m Madonna
47%
58 m John Lennon
41%
70 m Adele
39%
83 m Tupac Shakur
38%
70 m Britney Spears
37%
106 m Freddie Mercury
34%
87 m Selena Gomez
33%
75 m Nicki Minaj
29%
68 m Prince
28%
57 m Snoop Dogg
28%
90 m Miley Cyrus
27%
59 m Mariah Carey
26%
56 m Bruno Mars
25%
68 m Jennifer Lopez
19%
68 m David Bowie
16%
87 m Lil Wayne
16%
75 m Will Smith
14%
63 m Demi Lovato
13%
60 m Bob Marley
8%
58 m Louis Tomlinson
4%
64 m Lali Esposito
2%
No matching quizzes found
Score Distribution
Percent of People with Each Score
Percentile by Number Answered
Your Score History
You have not taken this quiz since the last reset